Statistiques concernant Culture Générale - Série 1269

Cliquez ici pour prendre le quiz!

Statistiques générales

  • Ce quiz a été pris 33 fois
  • Le résultat moyen est 4 sur 10

Statistiques - réponses

Question Réponse % Correct
Quel élément chimique est représenté par le symbole "Ca" ?calcium
88%
Quel peintre impressionniste, prénommé Edgar, est l'auteur des “Danseuses bleues”, vers 1890 ?Edgar Degas
67%
Dans quel sport s'est illustré l'Américain Mark Spitz ?natation
58%
A la fois musée et école d'art, dans quelle ville de l'Illinois fut fondé l'Art Institute, en 1879 ?Chicago
39%
A quel peintre français, prénommé Nicolas, doit-on la décoration, inachevée, de la grande galerie du Louvre, en 1640 ?Nicolas Poussin
30%
Achevé en 1563, à quel peintre doit-on le tableau “Les Noces de Cana” ?Véronèse
30%
Sous quel nom est plus connue l'antique ville grecque de Lacédémone ?Sparte
27%
Quel film d'Alain Cavalier sorti en 1986 retrace la vie de sainte Thérèse de Lisieux ?Thérèse
24%
Dans quelle discipline artistique s'est illustré Jeanloup Sieff ?photographie
18%
Quel est le nom de famille du peintre italien Michel-Ange ?Buonarroti
6%

Distribution des résultats

Percentile by Number Answered

% des personnes avec chaque résultat

Votre développement - résultats

Vous n’avez pas pris ce quiz